000 00780nam a2200265 i 4500
003 DO-SdBNP
005 20260521084142.0
007 ta
008 260515b2025 dr ||||| |||| 00| 0 spa d
020 _a9789945224344
040 _aDO-SdBNP
_bspa
_cBNPHU
_erda
041 _aspa
082 4 _axxx
_bR771s
_222
100 1 _aRondón, Sarah,
_eautor
_4aut.
_989606
245 1 0 _aSanamente /
_cSarah Rondón
264 1 _aSanto Domingo :
_bEditora Búho,
_c2025.
300 _a134 páginas ;
_c22 cm.
336 _atexto
_btxt
_2rdacontent
337 _asin mediación
_bn
_2rdamedia
338 _avolumen
_bnc
_2rdacarrier
500 _aIncluye datos biográficos del autor en la solapa de la cubierta
590 _aInventariado, 2026/BT
910 _aBtavárez
942 _2ddc
_cLBS1
999 _c60762
_d60762